Steep fall for houses (Record no. 118186)

MARC details
000 -LEADER
fixed length control field 01152cam a2200217 4500
001 - CONTROL NUMBER
control field WB@3612-464
008 - FIXED-LENGTH DATA ELEMENTS--GENERAL INFORMATION
fixed length control field 041019n2004 000 0 eng u
035 ## - SYSTEM CONTROL NUMBER
System control number (Sirsi) u127744
245 ## - TITLE STATEMENT
Title Steep fall for houses
260 ## - PUBLICATION, DISTRIBUTION, ETC.
Date of publication, distribution, etc. 2004
490 ## - SERIES STATEMENT
Series statement RICS Press Release
Volume/sequential designation (pr093) 19 October 2004 (2)
520 ## - SUMMARY, ETC.
Summary, etc. House values are falling at their steepest rate for nine years, according to September's "RICS housing market survey: Great Britain". The decline in prices is the biggest since 1995 and is a reaction to interest rates rising over the summer period. Available properties are at the highest recorded level for almost a year, rising by 8% over the last three months to September 2004. Buyer enquiries are down for the fifth consecutive month and a downturn in sales continues, falling 14% over the past year. The full report can be accessed on the website. http://www.rics.org/RICSWEB/getpage.aspx?p=36hXJd2 jk0irKdtiN1TBbw==
590 ## - LOCAL NOTE (RLIN)
Local note WB
590 ## - LOCAL NOTE (RLIN)
Local note WB
650 ## - SUBJECT ADDED ENTRY--TOPICAL TERM
Topical term or geographic name entry element HOUSE PRICE SURVEYS
650 ## - SUBJECT ADDED ENTRY--TOPICAL TERM
Topical term or geographic name entry element INTEREST RATES
650 ## - SUBJECT ADDED ENTRY--TOPICAL TERM
Topical term or geographic name entry element PROPERTY PRICES
650 ## - SUBJECT ADDED ENTRY--TOPICAL TERM
Topical term or geographic name entry element HOUSING SURVEYS
690 ## - LOCAL SUBJECT ADDED ENTRY--TOPICAL TERM (OCLC, RLIN)
Topical term or geographic name as entry element HOUSING-HOUSE PRICES
942 ## - ADDED ENTRY ELEMENTS (KOHA)
Suppress in OPAC 0
Holdings
Withdrawn status Lost status Source of classification or shelving scheme Damaged status Not for loan Home library Current library Shelving location Date acquired Total Checkouts Full call number Barcode Date last seen Copy number Price effective from Koha item type
    Dewey Decimal Classification     London London News article 19/10/2004   WB4040-09 127744-1001 06/08/2019 1 06/08/2019 News article